| LEADER 01174nam 2200277 a 4500 |
| 001 13399124995 |
| 003 ULIBM |
| 008 030417s2553 th a sb 001 0 tha |
| 099 ^aว ผม.มธ. 35 2553 |
| 100 0 ^aวงศิยา วงศ์พิศาล. |
| 245 10 ^aการเปลี่ยนแปลงลักษณะและรูปแบบการตั้งถิ่นฐานของชุมชนบ้านศาลาแดงเหนือ อำเภอสามโคก จังหวัดปทุมธานี /^cวงศิยา วงศ์พิศาล. |
| 246 ^aTransformation of Ban Sala Daeng Nua community's settlement pattern, Amphoe Sam Khok, Pathum Thani /^cWongsiya Wongpisan. |
| 260 ^aกรุงเทพฯ :^bมหาวิทยาลัยธรรมศาสตร์,^c2553. |
| 300 ^aง-ฐ, 94 แผ่น. |
| 500 ^aวิทยานิพนธ์ การผังเมืองบัณฑิต, 2553. |
| 650 7 ^aรูปแบบการตั้งถิ่นฐาน. |
| 650 7 ^aที่อยู่อาศัย. |
| 710 0 ^aกฤตพร ห้าวเจริญ, ^eอาจารย์ที่ปรึกษา. |
| 856 ^uhttps://digital.library.tu.ac.th/tu_dc/frontend/Info/item/dc:339120 ^zเอกสารฉบับเต็ม (ดูรายบทคลิกที่ Bookmarks) |
| 913 ^aImported by ULIBM Administrator |
| 949 ^aImport form external file by ULIBM system |